Members of the Star Alliance - Statistics

General Stats
  • This quiz has been taken 19 times
  • The average score is 14 of 26
Answer Stats
Answer % Correct
Air Canada
92%
Lufthansa
92%
Air China
85%
Thai
85%
Swiss
77%
Air India
69%
All Nippon
69%
United
69%
Austrian
62%
Ethiopian
62%
SAS
62%
Singapore Airlines
62%
Egypt Air
54%
Turkish
54%
Aegean
46%
Air New Zealand
46%
Avianca
46%
EVA Air
46%
LOT
46%
TAP
46%
Brussels Airlines
38%
South African Airways
38%
Copa Airlines
31%
Asiana Airlines
23%
Croatia Airlines
23%
Shenzhen Airlines
23%
No matching quizzes found
Score Distribution
Percent of People with Each Score
Percentile by Number Answered
Your Score History
You have not taken this quiz